Les 100 prmières Nations du Classement FIFA - Statistiques

Statistiques générales
  • Ce quiz a été pris 677 fois
  • Le résultat moyen est 71 sur 100
Statistiques - réponses
Classement Continent Pays % Correct
2 Amérique du Sud Argentine
100%
1 Amérique du Sud Brésil
100%
3 Europe France
99%
10 Europe Espagne
98%
9 Europe Portugal
98%
5 Europe Angleterre
97%
4 Europe Belgique
97%
14 Europe Allemagne
96%
8 Europe Italie
96%
11 Afrique Maroc
96%
6 Europe Pays-Bas
95%
13 Amérique du Nord États-Unis
94%
15 Amérique du Nord Mexique
94%
40 Afrique Algérie
92%
53 Amérique du Nord Canada
92%
20 Asie Japon
92%
37 Europe Russie
92%
12 Europe Suisse
92%
16 Amérique du Sud Uruguay
91%
7 Europe Croatie
90%
23 Europe Suède
89%
80 Asie Chine
88%
17 Amérique du Sud Colombie
88%
22 Europe Pologne
88%
19 Afrique Sénégal
88%
25 Asie Corée du Sud
87%
18 Europe Danemark
87%
48 Europe Irlande
87%
31 Amérique du Sud Chili
86%
43 Europe Norvège
86%
44 Europe Turquie
85%
26 Europe Ukraine
85%
39 Afrique Égypte
84%
30 Afrique Tunisie
84%
21 Amérique du Sud Pérou
83%
67 Afrique Afrique du Sud
81%
27 Asie Australie
80%
56 Europe Finlande
80%
41 Amérique du Sud Équateur
79%
51 Europe Grèce
79%
34 Europe Autriche
78%
33 Afrique Cameroun
78%
36 Europe Hongrie
78%
52 Europe Roumanie
78%
54 Europe Slovaquie
78%
47 Afrique Côte d'Ivoire
77%
63 Europe Islande
77%
62 Europe Slovénie
77%
46 Amérique du Sud Paraguay
76%
73 Afrique République Démocratique du Congo
76%
29 Europe Serbie
75%
49 Asie Arabie Saoudite
74%
82 Amérique du Sud Bolivie
74%
42 Europe Écosse
74%
35 Afrique Nigeria
74%
60 Asie Qatar
74%
99 Afrique Congo
73%
24 Asie Iran
73%
55 Amérique du Sud Venezuela
73%
66 Europe Albanie
71%
71 Europe Bulgarie
71%
32 Amérique du Nord Costa-Rica
70%
38 Europe République Tchèque
70%
45 Afrique Mali
69%
28 Europe Pays de Galles
69%
58 Afrique Ghana
68%
92 Europe Luxembourg
67%
57 Europe Bosnie-Herzégovine
66%
78 Europe Géorgie
66%
68 Asie Irak
65%
76 Europe Israël
63%
61 Amérique du Nord Panamá
63%
65 Europe Macédoine du Nord
62%
81 Amérique du Nord Honduras
60%
97 Europe Biélorussie
59%
83 Afrique Guinée
59%
59 Europe Irlande du Nord
58%
64 Amérique du Nord Jamaïque
57%
95 Europe Arménie
55%
79 Afrique Gabon
55%
69 Europe Monténégro
54%
90 Asie Syrie
48%
100 Asie Liban
47%
70 Asie Emirats-Arabes-Unis
45%
84 Asie Jordanie
45%
96 Asie Viêt-Nam
45%
88 Afrique Zambie
45%
77 Asie Ouzbékistan
43%
74 Amérique du Nord Salvador
42%
87 Amérique du Nord Haïti
41%
75 Asie Oman
40%
72 Afrique Cap-Vert
39%
91 Afrique Bénin
38%
50 Afrique Burkina-Faso
37%
98 Afrique Guinée-Equatoriale
36%
89 Afrique Ouganda
31%
85 Asie Bahreïn
27%
93 Asie Palestine
23%
94 Asie Kirghizistan
16%
86 Amérique du Nord Curaçao
12%
Aucun quiz correspondant
Distribution des résultats
% des personnes avec chaque résultat
Percentile par nombre de réponses
Votre historique - résultats
Vous n’avez pas pris ce quiz